ABC do tomatinho (Registo nº 2638)
[ vista simples ]
| 000 -Etiqueta do registo | |
|---|---|
| Cabeçalho | 00785nam a22002771 4500 |
| 005 - Identificador da versão | |
| Campo de controlo | 20240813121940.0 |
| 095 ## - | |
| -- | PTBN00004272 |
| 100 ## - Dados gerais de processamento | |
| Dados gerais de processamento | 19960304d1980 c y0pory5003 ba |
| 102 ## - Pais de publicação ou produção | |
| País de publicação | Portugal |
| 101 1# - Língua de publicação | |
| Língua do texto, banda sonora, etc. | Português |
| Língua do documento no original | Francês |
| 106 ## - Campo de dados codificados: material textual | |
| Dados codificados do material textual | d |
| 105 ## - Campo de dados codificados: livros | |
| Dados codificados dos livros | a z 000fy |
| 215 ## - Descrição física | |
| Indicação específica da natureza do documento e extensão da espécie | [26] p. |
| Outras indicações físicas | muito il. |
| Dimensões | 32 cm |
| 200 1# - Titulo e menção de responsabilidade | |
| Título próprio | ABC do tomatinho |
| Primeira menção de responsabilidade | Michel Rio |
| Outras menções de responsabilidade | trad. M. Graciete Teixeira |
| 225 2# - Colecção | |
| Título próprio da colecção | ABC |
| 210 ## - Publicação, Distribuição, etc. | |
| Lugar da edição, distribuição, etc. | Porto |
| Nome do editor, distribuidor, etc. | Porto Editora |
| Data da publicação, distribuição, etc. | 1980 |
| 304 ## - Notas relativas a título e menção de responsabilidade | |
| Texto da nota | Tít. orig.: ABC de la petite tomate |
| 606 ## - Nome comum usado como assunto | |
| Número de registo de entrada de autoridade | 0000001 |
| Palavra de ordem | Literatura estrangeira infantil |
| Subdivisão de assunto | Conto |
| 675 ## - Classificação Decimal Universal (CDU) | |
| Notação | 82-34 |
| Edição | 2ª |
| Língua da edição | por |
| 702 #1 - Nome de autor-pessoa física (responsabilidade secundária) | |
| Número de registo de entrada de autoridade | 0001451 |
| Palavra de ordem | Teixeira |
| Outra parte do nome não tomada para palavra de ordem | M. Graciete |
| Datas | 1954- |
| Código de função | Tradutor |
| 700 #1 - Nome de autor-pessoa física (responsabilidade principal) | |
| Número de registo de entrada de autoridade | 0001450 |
| Palavra de ordem | Rio |
| Outra parte do nome não tomada para palavra de ordem | Michel |
| 942 ## - Elementos de entrada adicionados (Koha) | |
| Tipo de item no Koha | Livro |
| Situação do levantamento | Origin of item (home branch) (coded) | Biblioteca de empréstimo | Código de barras | Cota | Circulation type (not for loan) | Tipo de documento | Nota do exemplar | Damaged status |
|---|---|---|---|---|---|---|---|---|
| Biblioteca Escolar da Coca Maravilhas | Biblioteca Escolar da Coca Maravilhas | BECM3215/96 | 8EST RIO | Livro | Sem mensagem |
